| 000 | 00745cam a2200253 4500 | ||
|---|---|---|---|
| 999 |
_c5430 _d5430 |
||
| 001 | 1746433 | ||
| 003 | GBCCL | ||
| 005 | 20241126110541.0 | ||
| 008 | 710127s1970 txu b 000 0 eng | ||
| 010 | _a 75133509 | ||
| 020 | _a0834400065 | ||
| 040 |
_aDLC _cDLC _dDLC |
||
| 050 | 0 | 0 |
_aBS2735.3 _b.S65 |
| 082 | 0 | 0 |
_a225.77 _a227.83077 _bLIV |
| 100 | 1 |
_aSpain, Carl. _99756 |
|
| 245 | 1 | 4 | _aThe letters of Paul to Timothy and Titus. |
| 260 |
_aAustin, Tex., _bR.B. Sweet Co. _c[1970] |
||
| 300 |
_a192 p. _c21 cm. |
||
| 440 | 4 |
_aThe Living word commentary, _v14 _99757 |
|
| 504 | _aBibliography: p. 17-18. | ||
| 630 | 0 | 0 |
_aBible. _pPastoral epistles _xCommentaries. _9866 |
| 906 |
_a7 _bcbc _corignew _d2 _encip _f19 _gy-gencatlg |
||
| 942 |
_2ddc _cREF |
||